| 000 | 00303nam a22000977a 4500 | ||
|---|---|---|---|
| 008 | 160512b xxu||||| |||| 00| 0 eng d | ||
| 041 | _aeng | ||
| 080 | _a612.39 | ||
| 245 |
_aKontrolli dhe vleresimi higjieno-sanitar i produkteve ushqimore me origjine shtazore: _cBizena Bijo, Vasil Andoni; |
||
| 942 |
_2udc _cBK |
||
| 999 |
_c2104 _d2104 |
||